Normal view
MARC view
Entry Topical Term
001 - CONTROL NUMBER
- control field: 34281
003 - CONTROL NUMBER IDENTIFIER
- control field: dpl
005 - DATE AND TIME OF LATEST TRANSACTION
- control field: 20110905104122.0
008 - FIXED-LENGTH DATA ELEMENTS
- fixed length control field: 110905|||a|||||| | ||| d
040 ## - CATALOGING SOURCE
- Original cataloging agency: dpl
- Transcribing agency: dpl
150 ## - HEADING--TOPICAL TERM
- Topical term or geographic name as entry element: Gender identity
- Geographic subdivision: India.
670 ## - SOURCE DATA FOUND
- Source citation: Work cat.: (dpl): Jain, Jasbir 34250, Indigenous roots of feminism :, 2011
670 ## - SOURCE DATA FOUND
- Source citation: Work cat.: (dpl): Jain, Jasbir 34250, Indigenous roots of feminism :, 2011
